000 00383nam a2200157Ia 4500
003 GCL
008 140319s9999 xx 000 0 eng d
040 _aGCL /
_cGCL
082 0 4 _aCH
_b028.5
_bL B
100 1 _aLIBRAIRIE DU LIBAN
245 1 0 _aTREES /
_cLIBRAIRIE DU LIBAN
260 _a[S.N] :
_bLIBRAIRIE DU LIBAN ،
_c1991
300 _a32
650 0 4 _aTREES
942 _2ddc
_cBK
999 _c17393
_d17393